| 000 | 00434nam a2200133Ia 4500 | ||
|---|---|---|---|
| 008 | 231017s9999 xx 000 0 und d | ||
| 082 | _a624.1 | ||
| 082 | _bHAJ | ||
| 245 | 0 | _a"Estimating Cumulative Traffic Loads, Vol II: Traffic Data Assessment and Axle Load Projection for the Sites with Acceptable Axle Weight Data, Final Report for Phase2 - Match 2005" | |
| 245 | 0 | _cNCHRP | |
| 260 | _bNCHRP | ||
| 300 | _c30cm | ||
| 942 | _cREP | ||
| 999 |
_c604040 _d604040 |
||